|
|
|
|
| LEADER |
00000nab a2200000 a 4500 |
| 001 |
vtls008852246 |
| 003 |
SK-MaSNL |
| 005 |
20260304143605.0 |
| 008 |
250505c2006 xo qr|p|||||||000 b|slo |
| 015 |
|
|
|a SNBRB2006/09
|
| 035 |
|
|
|a (uuid)26171ca7-01db-4a2d-88ed-dbb33200980c
|
| 035 |
|
|
|a urn:nbn:sk:snk-ab2a24
|
| 035 |
|
|
|a (urnnbn)urn:nbn:sk:snk:ar-a020dl
|
| 038 |
|
|
|a SNKBUCL
|
| 040 |
|
|
|a SNKBUCL
|b slo
|c SNKBUCL
|e AACR2
|
| 041 |
0 |
|
|a slo
|b eng
|
| 044 |
|
|
|a xo
|c SK
|
| 080 |
|
|
|a 342.534
|2 1997
|
| 080 |
|
|
|a 347.174
|2 1997
|
| 100 |
1 |
|
|a Balog, B.
|4 aut
|9 1178291
|
| 245 |
1 |
0 |
|a Imunita poslancov Národnej rady Slovenskej republiky
|c Boris Balog
|
| 504 |
|
|
|a Bibliogr. odkazy
|
| 546 |
|
|
|a Res. angl.
|
| 650 |
0 |
7 |
|a poslanecká imunita
|2 snkbucl
|9 1331
|
| 773 |
0 |
|
|t Právny obzor
|g Roč. 89, č. 3 (2006), s. 244-264
|x 0032-6984
|
| 850 |
|
|
|a Slovenská národná knižnica
|
| 852 |
|
|
|a Slovenská národná knižnica
|
| 954 |
|
|
|a odborná, vedecká literatúra pôvodná (slovenská)
|2 lita
|
| 958 |
|
|
|a article27
|
| 958 |
|
|
|a NB
|
| 958 |
|
|
|a SK
|
| 958 |
|
|
|a OND
|
| 958 |
|
|
|a EUIPO
|
| 999 |
|
|
|c 2926344
|d 2928274
|